00292nam a2200121Ia 4500008004100000041000900041082002000050100002300070245002100093260004000114300000800154650000800162230718s9999 xx 000 0 und d aEng. a347.3052bBAH-L abahir ahmed quresi 0aland reform laws aPakistanbomer law book housec2022 a626 aLaw